=LDR 00000nam 2200000 4500 =001 INLIS000000000034666 =005 20140625140851.0 =006 =007 =008 ind =035 ##$$a 0010-061300000034666 =041 ##$$a ind =082 ##$$a 813 =090 ##$$a 813; Liv,b =100 ##$$a Livaneli, O.Z =245 ##$$a Blss Menanti Senyum Tuhan di Sudut Istanbul, O.Z Livaneli;Penerjemah, Kartika Wijayanti;Penyunting, Perwira Leos =260 ##$$a 2009 $b Yogyakarta =300 ##$$a 485 hlm., 20 cm =650 ##$$a Fiksai Indonesia =700 ##$$a Wijayanti, Kartika =850 ##$$a NBPNMAT =990 ##$$a 21400613/BPAP-NTB/20142014 =990 ##$$a 21400613/BPAP-NTB/20142014 =990 ##$$a 21009389 =990 ##$$a 21400613/BPAP-NTB/20142014 =990 ##$$a 21400613/BPAP-NTB/20142014